| 000 | 00859nam a2200301 a 4500 | ||
|---|---|---|---|
| 003 | AR-BaBNM | ||
| 005 | 20251128210340.0 | ||
| 008 | 082120s2002 ||||||||||||||000 | spa|| | ||
| 020 | _a950-9293-37-7 | ||
| 040 | _cAR-BaBNM | ||
| 100 | 1 | _aGómez Poviña, Oscar | |
| 245 | 0 | 0 | _aAprendizaje y pensamiento |
| 250 | _a1ª ed. | ||
| 260 |
_aBuenos Aires _bDocencia _bFundación Universidad a Distancia Hernandarias _c1993 |
||
| 300 |
_a236 p. _bil. |
||
| 500 | _aContiene anexos p. 199-226 | ||
| 500 | _aContiene glosario p. 227-230 | ||
| 504 | _aContiene bibliografía p. 231-236 | ||
| 650 | 4 | _aPROCESO DE APRENDIZAJE | |
| 650 | 4 | _aCOMUNICACION | |
| 650 | 4 | _aPROCESO DEL PENSAMIENTO | |
| 650 | 4 | _aPSICOLOGIA DE LA EDUCACION | |
| 650 | 4 | _aMEMORIA | |
| 650 | 4 | _aPERCEPCION | |
| 653 | _aEDUCACION A DISTANCIA | ||
| 942 | _cBK | ||
| 998 | _cRaquel | ||
| 999 |
_c15071 _d15071 |
||